Les meilleurs buteurs de Premier League depuis 2010 - Statistiques

Statistiques générales
  • Ce quiz a été pris 421 fois
  • Le résultat moyen est 16 sur 23
Statistiques - réponses
Hint Réponse % Correct
2021/2022 Salah / Son Heug-min
96%
2018/2019 Salah / Aubameyang / Mané
95%
2022/2023 Erling Haaland
94%
2017/2018 Mohamed Salah
94%
2020/2021 Harry Kane
93%
2016/2017 Harry Kane
93%
2015/2016 Harry Kane
93%
2014/2015 Sergio Agüero
83%
2005/2006 Thierry Henry
80%
2004/2005 Thierry Henry
80%
2003/2004 Thierry Henry
80%
2001/2002 Thierry Henry
80%
2007/2008 Cristiano Ronaldo
79%
2009/2010 Didier Drogba
70%
2019/2020 Jamie Vardy
65%
2012/2013 Robie Van Persie
60%
2011/2012 Robie Van Persie
60%
2013/2014 Luis Suarez
48%
2002/2003 Ruud van Nistelrooy
45%
2010/2011 Carlos Tévez
32%
2008/2009 Nicolas Anelka
25%
2000/2001 Jimmy Hasselbaink
6%
1999/2000 Kevin Phillips
4%
Aucun quiz correspondant
Distribution des résultats
% des personnes avec chaque résultat
Percentile par nombre de réponses
Votre historique - résultats
Vous n’avez pas pris ce quiz